000 01502mam a2200289 a 4500
001 1860183
003 OSt
005 20151026151327.0
008 960719s1995 xxka 000 0 eng d
020 _a0582256321 (pbk)
020 _a0582244536 (variant)
035 _a(OCoLC)33358335
035 _a(OCoLC)ocm33358335
035 _a(NNC)1860183
040 _cPSt
_dOrLoB-B
100 1 _aHannah, John,
_d1920-
245 1 0 _aApplied mechanics /
_cJ. Hannah, M.J. Hillier.
250 _a3rd ed.
260 _aHarlow :
_bLongman Scientific & Technical,
_c1995.
300 _axiv, 448 p. :
_bill. ;
_c24 cm.
500 _aPrevious ed.: 1988.
505 0 0 _gCh. 1.
_tStatics --
_gCh. 2.
_tFrameworks --
_gCh. 3.
_tFriction --
_gCh. 4.
_tVelocity and Acceleration --
_gCh. 5.
_tInertia and Change of Motion --
_gCh. 6.
_tMotion in a Circle --
_gCh. 7.
_tBalancing --
_gCh. 8.
_tPeriodic Motion --
_gCh. 9.
_tDynamics of Rotation --
_gCh. 10.
_tWork, Energy and Power --
_gCh. 11.
_tImpulse and Momentum --
_gCh. 12.
_tAircraft and Rockets --
_gCh. 13.
_tDirect Stress and Strain --
_gCh. 14.
_tMechanical Properties of Materials --
_gCh. 15.
_tShear and Torsion --
_gCh. 16.
_tShear Force and Bending Moment --
_gCh. 17.
_tBending of Beams --
_gCh. 18.
_tCombined Bending and Direct Stress --
_gCh. 19.
_tFluid at Rest --
_gCh. 20.
_tFluid in Motion --
_gCh. 21.
_tExperimental Errors and the Adjustment of Data.
650 0 _aMechanics, Applied.
700 1 _aHillier, M. J.
_q(Marcus Jeans)
900 _bTOC
942 _2lcc
_cBK
999 _c250948
_d250948